000 00793nam a22002657a 4500
003 DO-SdBNP
005 20180124100414.0
008 151113b 1988 sp xxu||||| |||| 00| 0 spa d
020 _a8433584839
040 _aBPMSU
_bspa
_cBPMSU
041 1 7 _aspa
_heng
092 _axxxxx
_bxxxxx
100 1 _aSuzuki, David,
_d1923-
245 1 0 _aExploremos el cuerpo /
_cDavid Suzuki ; Barbara Hehner ; traducción de Carlos Oppenheimer.
260 _aBarcelona :
_bLabor,
_c1988.
300 _a105 p. :
_bil. ;
_c19 cm.
490 1 _aLabor bolsillo juvenil
_v79
700 1 2 _aHehner, Barbara
700 1 2 _aOppenheimer, Carlos,
_etr.
830 0 _aLabor bolsillo juvenil ;
_n79
910 _a00260
942 _2ddc
_cBK
945 _aInventariado, 2018 / YL
956 _aLPEREZ
_b10
_cBPMSU
999 _c8702
_d8702